[Event "Quebec op U2000"]
[Site "Longueuil CAN"]
[Date "2019.07.21"]
[Round "3.8"]
[White "Moran-Venegas, Mario"]
[Black "Duplessis, Claude"]
[Result "1-0"]
[WhiteElo "1631"]
[BlackElo "1571"]
[PlyCount "71"]
[EventDate "2019.07.20"]
[EventType "swiss"]
[EventRounds "9"]
[EventCountry "CAN"]

1. c4 f5 2. d4 Nf6 3. g3 e6 4. Bg2 Be7 5. Nc3 O-O 6. e4 fxe4 7. Nxe4 Nxe4 8.
Bxe4 Bb4+ 9. Bd2 Bxd2+ 10. Qxd2 d5 11. Bd3 Qf6 12. f4 Nc6 13. Nf3 a5 14. a3 g6
15. Qc3 Bd7 16. O-O a4 17. Rae1 Rae8 18. Ne5 Nxe5 19. dxe5 Qd8 20. cxd5 exd5
21. Qb4 Bc6 22. Bb5 Qd7 23. Bxc6 Qxc6 24. Rc1 Qb6+ 25. Qxb6 cxb6 26. Rc7 Rf7
27. Rfc1 Ree7 28. Rc8+ Rf8 29. Rxf8+ Kxf8 30. Rc8+ Re8 31. Rxe8+ Kxe8 32. Kf2
Ke7 33. Ke3 Kd7 34. Kd4 Kc6 35. g4 b5 36. f5 1-0

[Event "Quebec op U2000"]
[Site "Longueuil CAN"]
[Date "2019.07.21"]
[Round "3.9"]
[White "Gao, Shiqi"]
[Black "Robillard, Jean-Philippe"]
[Result "0-1"]
[WhiteElo "1754"]
[BlackElo "1617"]
[PlyCount "84"]
[EventDate "2019.07.20"]
[EventType "swiss"]
[EventRounds "9"]
[EventCountry "CAN"]

1. e4 e6 2. d4 d5 3. e5 c5 4. c3 Bd7 5. Bd3 Nc6 6. Ne2 cxd4 7. cxd4 Nb4 8. O-O
Rc8 9. Nbc3 Nxd3 10. Qxd3 Ne7 11. Nf4 Qb6 12. b3 Nf5 13. Rd1 Bb4 14. Bb2 O-O
15. Qh3 f6 16. exf6 Rxf6 17. Ncxd5 exd5 18. Nxd5 Qd6 19. Nxf6+ Qxf6 20. Qf3 Qb6
21. Rac1 Rf8 22. d5 Bc5 23. Rd2 Ne3 24. Qg3 Ng4 25. Rcc2 Bd6 26. Qh4 Bxh2+ 27.
Kh1 Bb8 28. Rd4 Qg6 29. Rdd2 Qd6 30. g3 Qa6 31. Rc4 Qg6 32. Rcc2 Bf5 33. Rc4
Be4+ 34. Kg1 Bf3 35. Rc1 Nh6 36. Kf1 Bf4 37. Rdc2 Bxc1 38. Rxc1 Bxd5 39. Rd1
Qe4 40. Qxe4 Bxe4 41. Rd7 Nf7 42. Re7 Bc6 0-1

[Event "Quebec op U2000"]
[Site "Longueuil CAN"]
[Date "2019.07.21"]
[Round "3.10"]
[White "Audet, Jean-Marc"]
[Black "Selling, Edward"]
[Result "0-1"]
[WhiteElo "1688"]
[BlackElo "1604"]
[PlyCount "64"]
[EventDate "2019.07.20"]
[EventType "swiss"]
[EventRounds "9"]
[EventCountry "CAN"]

1. c4 Nf6 2. g3 g6 3. Bg2 Bg7 4. Nc3 O-O 5. e4 d6 6. Nge2 c5 7. O-O Nc6 8. d3
a6 9. Rb1 Rb8 10. a3 Bd7 11. Bd2 Qc8 12. Nd5 b5 13. Nec3 e6 14. Ne3 Nd4 15. f4
Bc6 16. Ne2 Nxe2+ 17. Qxe2 Nd7 18. Nc2 bxc4 19. Bc3 cxd3 20. Qxd3 Bb5 21. Qxd6
Bxf1 22. Bxg7 Kxg7 23. Bxf1 Rb6 24. Qd2 Rd8 25. Rd1 Kg8 26. Ne3 Rb8 27. Nc4 Nf6
28. Nd6 Nxe4 29. Nxc8 Rxd2 30. Rxd2 Nxd2 31. Ne7+ Kf8 32. Nc6 Rxb2 0-1

[Event "Quebec op U2000"]
[Site "Longueuil CAN"]
[Date "2019.07.21"]
[Round "3.11"]
[White "Strasser, Arevick"]
[Black "Tsukerman, Julia"]
[Result "1-0"]
[WhiteElo "1588"]
[BlackElo "1481"]
[PlyCount "83"]
[EventDate "2019.07.20"]
[EventType "swiss"]
[EventRounds "9"]
[EventCountry "CAN"]

1. e4 c5 2. Nc3 d6 3. g3 Nc6 4. Bg2 Nf6 5. f4 e6 6. Nf3 Be7 7. d3 a6 8. O-O O-O
9. h3 Nd4 10. Nxd4 cxd4 11. Ne2 e5 12. f5 d5 13. g4 dxe4 14. dxe4 b5 15. Ng3
Bb7 16. g5 Nd7 17. h4 Re8 18. Qg4 f6 19. Bd2 Rc8 20. Rac1 Bf8 21. Nh5 Qe7 22.
Rf3 Kh8 23. Rg3 Qf7 24. a3 Rc6 25. Bf1 Rec8 26. Bd3 Nc5 27. gxf6 gxf6 28. Rf1
Rd6 29. Rf2 Nxe4 30. Bxe4 Bxe4 31. Nxf6 Rxf6 32. Qxe4 Bd6 33. Bg5 Rf8 34. Bxf6+
Qxf6 35. Rg5 Bc5 36. Kh1 d3 37. Rfg2 dxc2 38. Rxc2 Qd6 39. Rcg2 Qd4 40. Qxd4
exd4 41. f6 Bd6 42. f7 1-0

[Event "Quebec op U2000"]
[Site "Longueuil CAN"]
[Date "2019.07.21"]
[Round "3.12"]
[White "Hernandez, Juan Felipe"]
[Black "Couture, Alain"]
[Result "1-0"]
[WhiteElo "1454"]
[BlackElo "1810"]
[PlyCount "133"]
[EventDate "2019.07.20"]
[EventType "swiss"]
[EventRounds "9"]
[EventCountry "CAN"]

1. e4 b6 2. d4 Bb7 3. Nc3 e6 4. Bd3 Bb4 5. a3 Bxc3+ 6. bxc3 f5 7. Qh5+ g6 8.
Qe2 Nf6 9. f3 Qe7 10. Bh6 d6 11. e5 dxe5 12. Qxe5 Nc6 13. Bb5 O-O-O 14. Bxc6
Bxc6 15. Ne2 Rd5 16. Qe3 Bb5 17. Nf4 Rd6 18. Kf2 Ng4+ 19. fxg4 Qh4+ 20. g3 Qxh6
21. Qe5 Rf8 22. Qxb5 g5 23. Nd3 fxg4+ 24. Ke2 Qg6 25. Qe5 Rd5 26. Qe3 Rf3 27.
Qg1 Qe4+ 28. Kd2 Rdf5 29. Re1 Qc6 30. Re5 Rxe5 31. dxe5 Qe4 32. Qe1 Qf5 33. Rg1
c5 34. c4 h5 35. Rg2 h4 36. Rf2 hxg3 37. hxg3 Kb7 38. Rxf3 gxf3 39. Nf2 Ka6 40.
Qe4 Qf7 41. Ke3 Ka5 42. Qxf3 Qxf3+ 43. Kxf3 Ka4 44. Ne4 Kxa3 45. Nxg5 a5 46.
Nxe6 Kb4 47. Nc7 a4 48. e6 a3 49. e7 a2 50. e8=Q a1=Q 51. Qb5+ Kc3 52. Qb3+ Kd4
53. Qd3+ Ke5 54. Qd5+ Kf6 55. Qe6+ Kg5 56. Qg8+ Kh6 57. g4 Qf1+ 58. Ke4 Qe2+
59. Kf5 Qf3+ 60. Ke6 Qc6+ 61. Kf5 Qf3+ 62. Ke5 Qg3+ 63. Kf6 Qf4+ 64. Ke6 Qxc4+
65. Nd5 Qe4+ 66. Kf6 Qd4+ 67. Ke7 1-0

[Event "Quebec op U2000"]
[Site "Longueuil CAN"]
[Date "2019.07.21"]
[Round "3.13"]
[White "Morin-Pare, Victor"]
[Black "Jiang, Barron Jiyu"]
[Result "0-1"]
[WhiteElo "1904"]
[BlackElo "1588"]
[PlyCount "94"]
[EventDate "2019.07.20"]
[EventType "swiss"]
[EventRounds "9"]
[EventCountry "CAN"]

1. d4 Nf6 2. Bf4 d5 3. Nc3 c5 4. e3 a6 5. dxc5 e6 6. Na4 Qa5+ 7. c3 Nbd7 8. b4
Qd8 9. Nf3 Be7 10. Nd4 e5 11. c6 exf4 12. cxd7+ Bxd7 13. exf4 b5 14. Nb2 Qc7
15. Qf3 Rc8 16. Ne2 Bg4 17. Qe3 Bxe2 18. Bxe2 Qxc3+ 19. Qxc3 Rxc3 20. Nd3 O-O
21. O-O Rc2 22. Bf3 Rfc8 23. Rfe1 Bd6 24. g4 R8c3 25. Rad1 Bxf4 26. Nxf4 Rxf3
27. Nxd5 h6 28. Nxf6+ Rxf6 29. Rd8+ Kh7 30. Rf1 Rxa2 31. Kg2 Rf4 32. Rd7 Rxb4
33. Rxf7 Rxg4+ 34. Kf3 Rc4 35. Re1 Ra3+ 36. Kg2 Rg4+ 37. Kh1 b4 38. f4 Kg6 39.
Rc7 a5 40. Rf1 Kh5 41. f5 b3 42. Rc5 Kh4 43. h3 Rb4 44. f6 gxf6 45. Rcc1 b2 46.
Rb1 Rxh3+ 47. Kg1 Rg4+ 0-1

[Event "Quebec op U2000"]
[Site "Longueuil CAN"]
[Date "2019.07.21"]
[Round "3.14"]
[White "Laroche, Hugo"]
[Black "Chevalier, Francois"]
[Result "0-1"]
[WhiteElo "1665"]
[BlackElo "1768"]
[PlyCount "78"]
[EventDate "2019.07.20"]
[EventType "swiss"]
[EventRounds "9"]
[EventCountry "CAN"]

1. d4 Nf6 2. Bf4 e6 3. Nf3 Be7 4. e3 b6 5. Bd3 Bb7 6. Nbd2 d6 7. c4 c5 8. dxc5
bxc5 9. Bg3 O-O 10. Qc2 Nbd7 11. Rd1 Re8 12. O-O Nf8 13. h3 Qb6 14. b3 Bc6 15.
Ne4 Nxe4 16. Bxe4 Rad8 17. Bxc6 Qxc6 18. Rd2 Nd7 19. Rfd1 Nf6 20. Rd3 Rd7 21.
Ne1 Red8 22. f3 d5 23. cxd5 exd5 24. Rc3 Qe6 25. Bf2 d4 26. exd4 Nd5 27. Rc4
Ne3 28. Bxe3 Qxe3+ 29. Kh1 cxd4 30. Nd3 Qg5 31. Re1 Bf6 32. Qe2 Re7 33. Qf2
Rxe1+ 34. Qxe1 g6 35. Qf2 Qe3 36. Qxe3 dxe3 37. Nf4 Rd1+ 38. Kh2 Be5 39. g3
Bxf4 0-1

[Event "Quebec op U2000"]
[Site "Longueuil CAN"]
[Date "2019.07.21"]
[Round "3.15"]
[White "Bilodeau-Savaria, Sandy-Rose"]
[Black "Desmarais, Serge"]
[Result "0-1"]
[WhiteElo "1196"]
[BlackElo "1650"]
[PlyCount "142"]
[EventDate "2019.07.20"]
[EventType "swiss"]
[EventRounds "9"]
[EventCountry "CAN"]

1. d4 Nf6 2. c4 e6 3. Nf3 b6 4. Nc3 Ba6 5. e3 d5 6. Bd3 dxc4 7. Bxc4 Bxc4 8.
Qa4+ b5 9. Nxb5 Bxb5 10. Qxb5+ Qd7 11. Qb7 Qd5 12. Qxc7 Bb4+ 13. Kf1 Na6 14.
Qc2 O-O 15. a3 Bd6 16. b4 Rfc8 17. Qe2 Qc4 18. Bd2 Ne4 19. Qxc4 Rxc4 20. Ke2
Rac8 21. Rhc1 Rxc1 22. Rxc1 Rxc1 23. Bxc1 Nc7 24. Bb2 Kf8 25. h3 f6 26. Nd2
Nxd2 27. Kxd2 Ke8 28. e4 Kd7 29. Kd3 Kc6 30. Kc4 a6 31. h4 Bf4 32. g3 Bd2 33.
Kd3 Bh6 34. Kc4 a5 35. bxa5 Bd2 36. Kd3 Bxa5 37. g4 Kb5 38. f4 Ka4 39. f5 Kb3
40. Bc1 Be1 41. h5 Bg3 42. Ke3 Bd6 43. Kf3 e5 44. dxe5 Bxe5 45. Bf4 Kxa3 46.
Bxe5 fxe5 47. g5 Ne8 48. Kg4 Kb4 49. f6 gxf6 50. gxf6 Nxf6+ 51. Kf5 Nxh5 52.
Kxe5 Kc5 53. Kf5 Ng7+ 54. Kg5 h5 55. e5 Kd5 56. Kf4 Ke6 57. Ke4 h4 58. Kf4 Nf5
59. Kg4 Kxe5 60. Kf3 Kf6 61. Kg4 Kg6 62. Kh3 Kg5 63. Kh2 Kg4 64. Kg2 Nd4 65.
Kh2 Nf3+ 66. Kh1 Ng5 67. Kg2 h3+ 68. Kh2 Ne4 69. Kh1 Kg3 70. Kg1 Nf2 71. Kf1 h2
0-1

[Event "Quebec op U2000"]
[Site "Longueuil CAN"]
[Date "2019.07.21"]
[Round "3.16"]
[White "Blanchet, Robert"]
[Black "Bilodeau-Savaria, Carl-William"]
[Result "1-0"]
[WhiteElo "1863"]
[BlackElo "1392"]
[PlyCount "77"]
[EventDate "2019.07.20"]
[EventType "swiss"]
[EventRounds "9"]
[EventCountry "CAN"]

1. e4 c5 2. Nf3 e6 3. d4 cxd4 4. Nxd4 Nc6 5. Nc3 Nf6 6. Bg5 a6 7. Nxc6 bxc6 8.
Qd4 Be7 9. e5 Nd5 10. Bxe7 Qxe7 11. a3 Nxc3 12. Qxc3 f6 13. Be2 O-O 14. Bf3
fxe5 15. Qxe5 Qf6 16. Qxf6 Rxf6 17. O-O-O d5 18. Rhe1 Bd7 19. Rd4 Re8 20. Re5
Rf5 21. Rxf5 exf5 22. c4 Re1+ 23. Kc2 Rf1 24. cxd5 Rxf2+ 25. Kc3 Rf1 26. dxc6
Bxc6 27. Bxc6 Rc1+ 28. Kb4 Rxc6 29. Rd2 Kf7 30. a4 Kf6 31. Ka5 g5 32. b4 f4 33.
b5 axb5 34. axb5 Rc1 35. Rb2 Ra1+ 36. Kb4 g4 37. b6 f3 38. gxf3 gxf3 39. b7 1-0

[Event "Quebec op U2000"]
[Site "Longueuil CAN"]
[Date "2019.07.22"]
[Round "4.1"]
[White "Zhang, Chu Hang"]
[Black "Wu, Tony (Dongze)"]
[Result "1-0"]
[WhiteElo "1806"]
[BlackElo "1858"]
[PlyCount "75"]
[EventDate "2019.07.20"]
[EventType "swiss"]
[EventRounds "9"]
[EventCountry "CAN"]

1. e4 c5 2. Ne2 Nc6 3. g3 g6 4. Bg2 Bg7 5. c3 d6 6. Na3 e6 7. d4 cxd4 8. cxd4
Nge7 9. O-O O-O 10. Nc2 a5 11. Be3 b5 12. d5 exd5 13. exd5 Ne5 14. Ned4 Bd7 15.
b4 Nc4 16. Bf4 Nf5 17. Nxf5 Bxf5 18. Nd4 Qf6 19. Nxf5 Qxf5 20. Rb1 a4 21. Re1
Rfe8 22. Bf1 Bc3 23. Rxe8+ Rxe8 24. Qd3 Qf6 25. Rc1 Bxb4 26. Qb1 Nb2 27. Bxb5
Rb8 28. Qe4 g5 29. Be3 Bc3 30. h4 gxh4 31. Rxc3 Qxc3 32. Bd4 Qc1+ 33. Kg2 h3+
34. Kh2 Qc8 35. Qf4 f6 36. Qxf6 Qb7 37. Qh8+ Kf7 38. Qg7# 1-0

[Event "Quebec op U2000"]
[Site "Longueuil CAN"]
[Date "2019.07.22"]
[Round "4.2"]
[White "Baran, Marius"]
[Black "Strasser, Rouben"]
[Result "0-1"]
[WhiteElo "1648"]
[BlackElo "1806"]
[PlyCount "112"]
[EventDate "2019.07.20"]
[EventType "swiss"]
[EventRounds "9"]
[EventCountry "CAN"]

1. e4 c5 2. Nc3 Nc6 3. f4 g6 4. Nf3 Bg7 5. Bb5 a6 6. Bxc6 dxc6 7. O-O Nf6 8. d3
O-O 9. Qe1 e6 10. f5 exf5 11. Qh4 Ng4 12. Bg5 f6 13. Bd2 Ne5 14. Kh1 Nf7 15.
Rae1 b6 16. Qg3 Ra7 17. Nh4 fxe4 18. Nxe4 f5 19. Ng5 Nxg5 20. Bxg5 Qc7 21. Qf3
Qd6 22. b3 Be6 23. Bf4 Qd7 24. Qg3 Re8 25. Nf3 Bd5 26. Ne5 Qc8 27. Re3 Rae7 28.
Rfe1 Bf7 29. h4 Re6 30. R1e2 Qd8 31. Qf3 Qd5 32. Nxc6 Qxf3 33. gxf3 Rxe3 34.
Rxe3 Bf6 35. Ne5 Bxh4 36. Nd7 Rxe3 37. Bxe3 Bd8 38. Kg2 g5 39. d4 c4 40. Kf2 f4
41. Bd2 cxb3 42. axb3 h5 43. c4 b5 44. Ne5 Bf6 45. cxb5 axb5 46. b4 Bxe5 47.
dxe5 Bd5 48. Bc3 Kf7 49. Bd4 Ke6 50. Ke2 Kf5 51. Kf2 g4 52. fxg4+ hxg4 53. Bc3
g3+ 54. Kf1 f3 55. Bd4 f2 56. Bb6 Bc4+ 0-1

[Event "Quebec op U2000"]
[Site "Longueuil CAN"]
[Date "2019.07.22"]
[Round "4.3"]
[White "Gueorguiev, Valentin"]
[Black "Liu, Kevin"]
[Result "1/2-1/2"]
[WhiteElo "1945"]
[BlackElo "1658"]
[PlyCount "128"]
[EventDate "2019.07.20"]
[EventType "swiss"]
[EventRounds "9"]
[EventCountry "CAN"]

1. g3 d5 2. Bg2 g6 3. Nf3 Bg7 4. O-O Nf6 5. b3 c5 6. Bb2 O-O 7. d3 Nc6 8. Nbd2
Re8 9. e4 d4 10. Nc4 e5 11. a4 Bg4 12. h3 Bxf3 13. Qxf3 Na5 14. Nd2 a6 15. Ba3
Rc8 16. Rfb1 b5 17. axb5 axb5 18. b4 cxb4 19. Bxb4 Nc6 20. Bc5 Rb8 21. Ra6 Qc7
22. Nb3 Nd7 23. Qd1 Nxc5 24. Nxc5 Bf8 25. Nb3 Nb4 26. Ra5 Qxc2 27. Qxc2 Nxc2
28. f4 f6 29. Ra7 Re7 30. Rxe7 Bxe7 31. h4 Bd6 32. Rc1 Nb4 33. fxe5 fxe5 34.
Bf1 Ra8 35. Ra1 Ra4 36. Rb1 Na2 37. Bh3 Kf7 38. Bd7 Nc3 39. Ra1 Ke7 40. Bc6 Ba3
41. Nd2 Bb2 42. Rf1 Bc1 43. Nc4 Be3+ 44. Nxe3 dxe3 45. Re1 e2 46. Kf2 Ra2 47.
Bd5 Nxd5 48. exd5 Kd6 49. Rb1 Kxd5 50. Rxb5+ Kd4 51. Rb7 Kxd3 52. Rd7+ Kc4 53.
Rxh7 Kd5 54. Rg7 e4 55. Rxg6 e3+ 56. Ke1 Ke4 57. Rf6 Kd3 58. Rd6+ Ke4 59. h5
Kf3 60. Rf6+ Kxg3 61. h6 Ra1+ 62. Kxe2 Rh1 63. Kxe3 Kg4 64. Rg6+ Kf5 1/2-1/2

[Event "Quebec op U2000"]
[Site "Longueuil CAN"]
[Date "2019.07.22"]
[Round "4.4"]
[White "Robillard, Jean-Philippe"]
[Black "Weston, Paul"]
[Result "0-1"]
[WhiteElo "1617"]
[BlackElo "1912"]
[PlyCount "70"]
[EventDate "2019.07.20"]
[EventType "swiss"]
[EventRounds "9"]
[EventCountry "CAN"]

1. d4 g6 2. e4 Bg7 3. Be3 c5 4. Ne2 cxd4 5. Nxd4 Nf6 6. Nc3 d6 7. f3 Nc6 8. Qd2
O-O 9. O-O-O Nxd4 10. Bxd4 Be6 11. g4 Qa5 12. Kb1 Rfc8 13. b3 Qb4 14. h4 h5 15.
gxh5 Nxh5 16. Bxg7 Kxg7 17. Ne2 Qxd2 18. Rxd2 a5 19. a4 b5 20. axb5 a4 21. b4
Bc4 22. Rg1 Bxb5 23. Rd5 Bxe2 24. Bxe2 Nf4 25. Rd2 Rab8 26. Bd1 Rxb4+ 27. Ka2
Rbc4 28. Rg4 Nh5 29. Kb2 Rb8+ 30. Ka3 Rc3+ 31. Kxa4 Rc7 32. Rd5 Nf6 33. Rb5
Rxb5 34. Kxb5 Nxg4 35. fxg4 Rc3 0-1

[Event "Quebec op U2000"]
[Site "Longueuil CAN"]
[Date "2019.07.22"]
[Round "4.5"]
[White "Gauthier, Denis"]
[Black "Moran-Venegas, Mario"]
[Result "0-1"]
[WhiteElo "1792"]
[BlackElo "1631"]
[PlyCount "83"]
[EventDate "2019.07.20"]
[EventType "swiss"]
[EventRounds "9"]
[EventCountry "CAN"]

1. d4 d5 2. c4 e6 3. Nc3 a6 4. e3 Nf6 5. Nf3 Be7 6. Bd3 dxc4 7. Bxc4 O-O 8. O-O
c5 9. a4 cxd4 10. exd4 Nc6 11. Be3 Nb4 12. Qe2 Nbd5 13. Ne5 Qc7 14. Rac1 Nxc3
15. Rxc3 Qa5 16. Qc2 Nd5 17. Bxd5 Qxd5 18. Nc4 Bd8 19. Ne5 Be7 20. Rd1 b5 21.
axb5 axb5 22. Nd3 Bd6 23. Nf4 Qb7 24. Qe2 b4 25. Rcc1 Qe4 26. f3 Qf5 27. g4 Qf6
28. Nh5 Qg6 29. Rc6 Rd8 30. Nf4 Bxf4 31. Bxf4 h5 32. h3 hxg4 33. hxg4 b3 34.
Rc5 Bb7 35. Rg5 Qc2 36. Rd2 Ra1+ 37. Kf2 Qc1 38. Bh2 Qh1 39. Rh5 Bxf3 40. Qd3
Qg2+ 41. Ke3 Re1+ 42. Kf4 0-1

[Event "Quebec op U2000"]
[Site "Longueuil CAN"]
[Date "2019.07.22"]
[Round "4.6"]
[White "Steinberg, Ellis"]
[Black "Hernandez, Juan Felipe"]
[Result "1-0"]
[WhiteElo "1745"]
[BlackElo "1454"]
[PlyCount "49"]
[EventDate "2019.07.20"]
[EventType "swiss"]
[EventRounds "9"]
[EventCountry "CAN"]

1. e4 e6 2. d3 d5 3. Nd2 c5 4. Ngf3 Nc6 5. g3 Nf6 6. Bg2 Be7 7. O-O b6 8. Re1
Ba6 9. a4 Rc8 10. e5 Nd7 11. Nf1 d4 12. b3 Nb4 13. h4 h6 14. N1h2 Nd5 15. h5
Bg5 16. Nxg5 hxg5 17. Bxd5 exd5 18. e6 Nf6 19. exf7+ Kxf7 20. Bxg5 Qd7 21. Qf3
Rxh5 22. Bxf6 Rf5 23. Qg4 gxf6 24. Qh3 Rd8 25. Ng4 1-0

[Event "Quebec op U2000"]
[Site "Longueuil CAN"]
[Date "2019.07.22"]
[Round "4.7"]
[White "Selling, Edward"]
[Black "Goldner, John"]
[Result "1-0"]
[WhiteElo "1604"]
[BlackElo "1731"]
[PlyCount "69"]
[EventDate "2019.07.20"]
[EventType "swiss"]
[EventRounds "9"]
[EventCountry "CAN"]

1. d4 f5 2. Nf3 Nf6 3. c4 e6 4. Bg5 Be7 5. Nc3 d6 6. e3 O-O 7. Be2 Nbd7 8. O-O
c5 9. Qc2 h6 10. Bxf6 Rxf6 11. Rad1 cxd4 12. Nxd4 a6 13. b4 Qf8 14. a4 Ne5 15.
Nf3 Nf7 16. a5 Bd7 17. Qb3 Rb8 18. Na4 Ng5 19. Nxg5 hxg5 20. b5 Qe8 21. Nb6 Bc8
22. Rb1 axb5 23. cxb5 d5 24. Rfc1 Bd6 25. Rc2 Rh6 26. g3 g4 27. Rbc1 Bd7 28.
Nxd7 Qxd7 29. Bd3 Be5 30. b6 Rf6 31. a6 bxa6 32. Bxa6 Rff8 33. b7 Qd6 34. Rc6
Qe7 35. Rc8 1-0

[Event "Quebec op U2000"]
[Site "Longueuil CAN"]
[Date "2019.07.22"]
[Round "4.8"]
[White "Mangahas, Ronald"]
[Black "Strasser, Arevick"]
[Result "1-0"]
[WhiteElo "1670"]
[BlackElo "1588"]
[PlyCount "67"]
[EventDate "2019.07.20"]
[EventType "swiss"]
[EventRounds "9"]
[EventCountry "CAN"]

1. e4 e5 2. Nf3 Nc6 3. d4 exd4 4. Nxd4 Bc5 5. Nb3 Bb6 6. Bd3 Qf6 7. O-O Nge7 8.
Nc3 a6 9. Kh1 O-O 10. f4 d6 11. Qe1 Ng6 12. Nd5 Qd8 13. f5 Nge7 14. f6 Nxd5 15.
exd5 Ne5 16. Qg3 Ng6 17. Bg5 Qd7 18. fxg7 Re8 19. Bf5 Qb5 20. c4 Qxc4 21. Bxg6
fxg6 22. Rf8+ Rxf8 23. gxf8=Q+ Kxf8 24. Bh6+ Kf7 25. Qg5 Bf5 26. Nd2 Qxd5 27.
Nf3 Re8 28. Rf1 Qd3 29. Qc1 Kg8 30. Rd1 Qe4 31. Qc3 Re7 32. Re1 d5 33. Rxe4
dxe4 34. Qf6 1-0

[Event "Quebec op U2000"]
[Site "Longueuil CAN"]
[Date "2019.07.22"]
[Round "4.9"]
[White "Sarra-Bournet, Marc"]
[Black "De Lagrave, Sylvain"]
[Result "0-1"]
[WhiteElo "1804"]
[BlackElo "1860"]
[PlyCount "96"]
[EventDate "2019.07.20"]
[EventType "swiss"]
[EventRounds "9"]
[EventCountry "CAN"]

1. e4 c5 2. Nc3 d6 3. f4 Nc6 4. Nf3 g6 5. Bc4 Bg7 6. f5 Nf6 7. O-O gxf5 8. d3
fxe4 9. dxe4 Bg4 10. Be3 a6 11. a4 Ne5 12. Be2 Nxf3+ 13. Bxf3 Bxf3 14. Qxf3 O-O
15. e5 dxe5 16. Qxb7 Rb8 17. Qxa6 e4 18. Rad1 Qc7 19. Nb5 Qe5 20. b3 Ng4 21.
Bf4 Qh5 22. h3 Ne5 23. Bxe5 Bxe5 24. Qc6 e3 25. Rf3 Rbd8 26. Re1 e2 27. Qe4 Rd2
28. Rxe2 Rd1+ 29. Kf2 f6 30. c3 Rfd8 31. a5 Ra1 32. b4 cxb4 33. cxb4 Rdd1 34.
Rf5 Rf1+ 35. Ke3 Qxf5 36. Qc4+ Kg7 37. Qg4+ Qxg4 38. hxg4 Rfb1 39. Na7 Rb3+ 40.
Ke4 Rxb4+ 41. Kf5 Rxa5 42. Nc6 Rf4+ 43. Ke6 Ra6 44. Kd7 Bd6 45. Nd8 Rxg4 46.
Ne6+ Kf7 47. Nd8+ Kg6 48. Rc2 Ra3 0-1

[Event "Quebec op U2000"]
[Site "Longueuil CAN"]
[Date "2019.07.22"]
[Round "4.10"]
[White "Lambert, Pierre"]
[Black "Marchand, Jacques"]
[Result "0-1"]
[WhiteElo "1728"]
[BlackElo "1830"]
[PlyCount "56"]
[EventDate "2019.07.20"]
[EventType "swiss"]
[EventRounds "9"]
[EventCountry "CAN"]

1. e4 e5 2. Nf3 Nc6 3. d4 exd4 4. Nxd4 Nf6 5. Nc3 Bb4 6. Nxc6 bxc6 7. Bd3 O-O
8. O-O Re8 9. Re1 d6 10. a3 Ba5 11. h3 h6 12. Bd2 Be6 13. b4 Bb6 14. Ne2 Nh5
15. Nf4 Bxf2+ 16. Kxf2 Qh4+ 17. Kg1 Nxf4 18. Bxf4 Qxf4 19. Rf1 Qe5 20. Qf3 a5
21. Qf4 Qxf4 22. Rxf4 axb4 23. e5 bxa3 24. exd6 cxd6 25. Rb4 a2 26. Rb6 Reb8
27. Rxb8+ Rxb8 28. c4 Bxc4 0-1

[Event "Quebec op U2000"]
[Site "Longueuil CAN"]
[Date "2019.07.22"]
[Round "4.11"]
[White "Jiang, Barron Jiyu"]
[Black "Lin, Leo"]
[Result "0-1"]
[WhiteElo "1588"]
[BlackElo "1660"]
[PlyCount "110"]
[EventDate "2019.07.20"]
[EventType "swiss"]
[EventRounds "9"]
[EventCountry "CAN"]

1. e4 c5 2. Nf3 d6 3. d4 cxd4 4. Nxd4 Nf6 5. Nc3 a6 6. Be3 e5 7. Nb3 Be6 8. Be2
Be7 9. O-O O-O 10. f4 exf4 11. Bxf4 Nc6 12. Qe1 Nd7 13. Rd1 Nde5 14. Nd5 Bxd5
15. exd5 Qb6+ 16. Kh1 Nb4 17. Bxe5 dxe5 18. Bd3 Qd6 19. c4 b6 20. a3 Nxd3 21.
Rxd3 Qg6 22. Rg3 Qh6 23. Rh3 Qg5 24. Qe4 g6 25. Rg3 Qh4 26. Rg4 f5 27. Rxh4
fxe4 28. Rxf8+ Rxf8 29. g3 Bxh4 30. gxh4 e3 31. Nc1 Rf1+ 32. Kg2 Rxc1 33. Kf3
Re1 34. b4 Kf7 35. c5 bxc5 36. bxc5 Ke7 37. a4 a5 38. h3 h5 39. Ke4 e2 40. Ke3
Rd1 41. d6+ Kd7 42. Kxe2 Rc1 43. Kd3 Rxc5 44. Ke4 Kxd6 45. Ke3 Kd5 46. Kd3 e4+
47. Ke3 Rc3+ 48. Kf4 e3 49. Kg5 e2 50. Kxg6 e1=Q 51. Kxh5 Qe5+ 52. Kg6 Rc6+ 53.
Kf7 Qf6+ 54. Ke8 Rc8+ 55. Kd7 Qe6# 0-1

[Event "Quebec op U2000"]
[Site "Longueuil CAN"]
[Date "2019.07.22"]
[Round "4.12"]
[White "Chevalier, Francois"]
[Black "Blanchet, Robert"]
[Result "0-1"]
[WhiteElo "1768"]
[BlackElo "1863"]
[PlyCount "112"]
[EventDate "2019.07.20"]
[EventType "swiss"]
[EventRounds "9"]
[EventCountry "CAN"]

1. d4 Nf6 2. Nf3 g6 3. Bg5 h6 4. Bh4 d6 5. Nbd2 g5 6. Bg3 Nh5 7. c3 Bg7 8. e3
Bf5 9. Be2 Nxg3 10. hxg3 e5 11. Qb3 b6 12. e4 Bg6 13. dxe5 dxe5 14. O-O-O O-O
15. Rhe1 Qe7 16. Bd3 Nd7 17. Bc2 Nc5 18. Qc4 a5 19. Nb3 Ne6 20. Kb1 a4 21. Nc1
Nc5 22. Rd5 Kh7 23. Qe2 c6 24. Rd2 b5 25. Red1 Rfd8 26. Rxd8 Rxd8 27. Rxd8 Qxd8
28. Ne1 Qd6 29. f3 f6 30. Ned3 Bf7 31. Nxc5 Qxc5 32. Qd2 Bf8 33. g4 Kg7 34. Nd3
Qg1+ 35. Nc1 Bc5 36. Bd1 Be3 37. Qd3 c5 38. Ne2 c4 39. Qd7 Qe1 40. Kc2 Qf2 41.
Qf5 Qe1 42. Qd7 Qf2 43. Qf5 Qxg2 44. a3 Bf4 45. Kb1 Qxf3 46. Ka2 Qf2 47. Kb1
Be3 48. Qd7 Qe1 49. Ka2 Bd2 50. Ng3 Qxg3 51. Qxd2 Qd3 52. Qxd3 cxd3+ 53. Kb1 f5
54. exf5 e4 55. Kc1 e3 56. Bf3 Bb3 0-1

[Event "Quebec op U2000"]
[Site "Longueuil CAN"]
[Date "2019.07.22"]
[Round "4.13"]
[White "Desmarais, Serge"]
[Black "Gao, Shiqi"]
[Result "0-1"]
[WhiteElo "1650"]
[BlackElo "1754"]
[PlyCount "106"]
[EventDate "2019.07.20"]
[EventType "swiss"]
[EventRounds "9"]
[EventCountry "CAN"]

1. c4 c6 2. Nc3 Nf6 3. g3 d5 4. cxd5 cxd5 5. Bg2 e5 6. d3 h6 7. Qb3 Be6 8. Qxb7
Nbd7 9. Nb5 Bb4+ 10. Kf1 O-O 11. Nc7 Rb8 12. Nxe6 Qa5 13. Qc7 fxe6 14. Qxa5
Bxa5 15. Bh3 Rb6 16. a3 Rc6 17. b4 Bb6 18. Ke1 e4 19. Be3 d4 20. Bc1 exd3 21.
exd3 Ne5 22. Bf1 Rc3 23. Bd2 Rb3 24. f4 Nxd3+ 25. Bxd3 Rxd3 26. Ke2 Rb3 27. Nf3
Ne4 28. Rhb1 Rxf3 29. Kxf3 Nxd2+ 30. Ke2 Nxb1 31. Rxb1 Rc8 32. Rb2 Rc3 33. a4
a6 34. Kd2 Kf7 35. Rb1 Kf6 36. Rb2 Kf5 37. Kd1 d3 38. Kd2 Rc2+ 39. Rxc2 dxc2
40. Kxc2 Kg4 41. Kd3 Kh3 42. Ke4 Kxh2 43. g4 Kg3 44. f5 exf5+ 45. Kxf5 g5 46.
Ke6 Kxg4 47. Kd5 h5 48. Kc6 Be3 49. Kb7 h4 50. Kxa6 h3 51. b5 h2 52. b6 h1=Q
53. b7 Qc6+ 0-1

[Event "Quebec op U2000"]
[Site "Longueuil CAN"]
[Date "2019.07.22"]
[Round "4.14"]
[White "Duplessis, Claude"]
[Black "Audet, Jean-Marc"]
[Result "0-1"]
[WhiteElo "1571"]
[BlackElo "1688"]
[PlyCount "28"]
[EventDate "2019.07.20"]
[EventType "swiss"]
[EventRounds "9"]
[EventCountry "CAN"]

1. e4 c5 2. Nc3 g6 3. d4 cxd4 4. Qxd4 Nf6 5. e5 Nc6 6. Qf4 Nh5 7. Qe4 Bg7 8.
Nf3 d5 9. Nxd5 Bf5 10. Qc4 Rc8 11. Qb5 O-O 12. Ne3 Be4 13. Ng5 Nd4 14. Qa5
Qxa5+ 0-1

[Event "Quebec op U2000"]
[Site "Longueuil CAN"]
[Date "2019.07.22"]
[Round "4.15"]
[White "Van Dusen, Eric"]
[Black "Cloutier, Eric"]
[Result "0-1"]
[WhiteElo "1822"]
[BlackElo "1483"]
[PlyCount "76"]
[EventDate "2019.07.20"]
[EventType "swiss"]
[EventRounds "9"]
[EventCountry "CAN"]

1. d4 c6 2. Nf3 d5 3. c4 Nf6 4. e3 Bf5 5. cxd5 cxd5 6. Qb3 Qc7 7. Bd2 a6 8. Nc3
e6 9. Rc1 Nc6 10. Qa4 Nd7 11. Bb5 Rc8 12. Bxc6 Qxc6 13. Qd1 Qd6 14. O-O Qb8 15.
Ne5 Bd6 16. Nxd7 Kxd7 17. g3 b5 18. Qb3 h5 19. a4 b4 20. Nxd5 exd5 21. Qxd5 Be6
22. Qg5 Qb7 23. f3 Qd5 24. e4 Qxd4+ 25. Be3 Qe5 26. Qxe5 Bxe5 27. Rfd1+ Ke7 28.
f4 Bxb2 29. Bc5+ Kf6 30. Rc2 Bc3 31. Bb6 g6 32. Rxc3 bxc3 33. Bd4+ Ke7 34. Bxh8
Rxh8 35. Kf2 c2 36. Rc1 Bb3 37. f5 Rd8 38. fxg6 fxg6 0-1